LEADER 01160nam0-22003371i-450- 001 990001048720403321 005 20040424085759.0 011 $a0029-554X 035 $a000104872 035 $aFED01000104872 035 $a(Aleph)000104872FED01 035 $a000104872 100 $a20001205d1997----km-y0itay50------ba 101 0 $aeng 102 $aNL 105 $aa---a---101yy 200 1 $aConference on the Physics of Tandem and Nuclear Physics Workshop$eTrieste-Legnaro, 27 April - 7 May 1976$fEditors: L. Fonda and R.A. Ricci 210 $aAmsterdam [etc.]$cNorth-Holland$d1977 215 $aXIII, 33 p.$cill.$d27 cm 300 $aV. 146, no. 1, October 1, 1977 di "Nuclear Instruments & Methods". 610 0 $aFisica nucleare 610 0 $aRadioattivitą 700 1$aSiegbahn,$bKai$050006 712 12$aConference on the Physics of Tandem and Nuclear Physics Workshop$f<1976 ;$eTrieste-Legnaro> 801 0$aIT$bUNINA$gRICA$2UNIMARC 901 $aBK 912 $a990001048720403321 952 $a34AI-221$b10731$fFI1 959 $aFI1 996 $aConference on the Physics of Tandem and Nuclear Physics Workshop$9340900 997 $aUNINA LEADER 01629nam0 2200337 i 450 001 SUN0132771 005 20210406112737.770 010 $d0.00 017 70$2N$a978-3-319-00909-4 100 $a20210325d2014 |0engc50 ba 101 $aeng 102 $aCH 105 $a|||| ||||| 200 1 $a*Scattering Amplitudes and Wilson Loops in Twistor Space$eDoctoral Thesis accepted by the University of Oxford, UK$fMathew Richard Bullimore 205 $aCham : Springer, 2014 210 $axv$d118 p.$cill. ; 24 cm 215 $aPubblicazione in formato elettronico 410 1$1001SUN0104193$12001 $a*Springer theses$erecognizing outstanding Ph.D. research$1210 $aBerlin$aHeidelberg$cSpringer. 606 $a81-XX$xQuantum theory [MSC 2020]$2MF$3SUNC019967 606 $a81R25$xSpinor and twistor methods applied to problems in quantum theory [MSC 2020]$2MF$3SUNC022027 606 $a81T13$xYang-Mills and other gauge theories in quantum field theory [MSC 2020]$2MF$3SUNC023357 606 $a81T20$xQuantum field theory on curved space or space-time backgrounds [MSC 2020]$2MF$3SUNC034033 620 $aCH$dCham$3SUNL001889 700 1$aBullimore$b, Mathew R.$3SUNV106594$0791343 712 $aSpringer$3SUNV000178$4650 801 $aIT$bSOL$c20210503$gRICA 856 4 $uhttp://doi.org/10.1007/978-3-319-00909-4 912 $aSUN0132771 950 $aUFFICIO DI BIBLIOTECA DEL DIPARTIMENTO DI MATEMATICA E FISICA$d08CONS e-book 1967 $e08eMF1967 20210325 996 $aScattering Amplitudes and Wilson Loops in Twistor Space$91768721 997 $aUNICAMPANIA